000 00399nam a2200169Ia 4500
003 0STCL
008 150530s9999 xx 000 0 und d
040 _aSTCL
_cSTCL
100 _aSayers, R.S.; Editor
245 _aBanking in the British common wealth
250 _aFirst
260 _bClarendon press
_c1954
546 _aEnglish
942 _2ddc
_cBK
999 _c9710
_d9710
005 20220125165533.0